[Pamätný pomník s bustou Sama Chalupku v Hornej Lehote]

Zobrazenie: Pamätný pomník s bustou Sama Chalupku v Hornej Lehote. Bustu v roku 1973 vyhotovil akad. sochár Stanislav Biroš, pomník architekti Tibor Učnay a Miloš Mojžiš.

Bibliographic Details
Other Authors: Lužák, Ivan, 1939- (Photographer), Biroš, Stanislav, 1901-1983 (Sculptor)
Format: Photo
Language:Slovak
PhysicalDescription:1 fotografia čb 18 x 13 cm
Published: [S.l. s.n. s.a.]
Subjects:

MARC

LEADER 00000nkmaa2200000 a 4500
001 vtls011718746
003 SK-MaSNL
005 20260331210648.0
007 kh bo
008 230802n xo | ||00 k|slo
035 |a urn:nbn:sk:snk-km00ejwe 
035 |a urn:nbn:sk:snk-km45vm8 
035 |a BC42F0F3-5276-4D4D-90C1-F82F8067F037 
040 |a SNKLA  |b slo  |c SNKLA  |e AACR2 
041 0 |a slo 
044 |a xo  |c SK 
100 1 |a Lužák, Ivan,  |d 1939-  |4 pht  |9 557206 
245 1 0 |a [Pamätný pomník s bustou Sama Chalupku v Hornej Lehote]  |h grafika 
260 |a [S.l.  |b s.n.  |c s.a.] 
300 |a 1 fotografia  |b čb  |c 18 x 13 cm 
520 2 |a Zobrazenie: Pamätný pomník s bustou Sama Chalupku v Hornej Lehote. Bustu v roku 1973 vyhotovil akad. sochár Stanislav Biroš, pomník architekti Tibor Učnay a Miloš Mojžiš. 
600 1 7 |a Chalupka, Samo,  |d 1812-1883  |2 SNKMA  |9 37007 
650 0 7 |a pamätné pomníky  |2 SNKLA  |9 312239 
651 7 |a Horná Lehota (Brezno, Slovensko)  |2 SNKPH  |9 159561 
655 7 |a fotografie  |2 SNKPH  |9 70713 
700 1 |a Biroš, Stanislav,  |d 1901-1983  |4 scl  |9 38651 
700 1 |a Učnay, Tibor,  |d 1934-  |4 arc  |9 499318 
700 1 |a Mojžiš, Miloslav,  |d 1940-2022  |4 arc  |9 253246 
852 7 |a Slovenská národná knižnica v Martine  |b Literárny archív 
958 |a ZO 
958 |a BLA 
999 |c 1201613  |d 1203543 
952 |a SNKLA  |b SNKLA  |c SNKLA_DEP  |y NEVYP  |7 0  |p 17A1226761  |o snkK 5/67  |i snkLA 7291/1976  |0 0  |1 0  |4 0  |d 2017-11-03  |f 1  |l 0  |r 2026-02-24 22:44:45  |w 2026-02-24